LIBRARY & INFORMATION CENTRE, KCAET, TAVANUR

ONLINE PUBLIC ACCESS CATALOGUE (OPAC)

Economics of tropical farm management / (Record no. 7266)

MARC details
000 -LEADER
fixed length control field 00508cam a2200193ua 4500
020 ## - INTERNATIONAL STANDARD BOOK NUMBER
ISBN 0 521 31367 8
041 ## - LANGUAGE CODE
Language code of text/sound track or separate title eng
082 ## - DEWEY DECIMAL CLASSIFICATION NUMBER
Classification number 631.0913
Item number MAK/EC
100 ## - MAIN ENTRY--AUTHOR NAME
Personal name Markeham, J P .
245 ## - TITLE STATEMENT
Title Economics of tropical farm management /
250 ## - EDITION STATEMENT
Edition statement 1 /
260 ## - PUBLICATION, DISTRIBUTION, ETC. (IMPRINT)
Place of publication Cambridge :
Name of publisher Cambridge University Press ,
Year of publication 1986.
300 ## - PHYSICAL DESCRIPTION
Number of Pages 178 ; .
700 1# - ADDED ENTRY--PERSONAL NAME
Personal name Malcolm, L R .
942 ## - ADDED ENTRY ELEMENTS (KOHA)
Koha item type Books
Holdings
Withdrawn status Lost status Damaged status Home library Current library Date acquired Full call number Accession Number Koha item type
      KAUAET KAUAET 07/04/2012 631.0913 18430 Books
free website counter